00665nam a2200193Ia 4500952013300000999001700133003000400150005001700154008004100171020001600212040000900228082001800237100002600255245006500281260003800346300000900384650003600393942004200429 00102ddc40708HISTORYaMESbMEScHISd2019-02-20g647.50l0o910.94 CHA/Ep17381r2019-02-20 00:00:00w2019-02-20yBKzGL43R1 c20054d20054OSt20200701143645.0190216s9999||||xx |||||||||||||| ||und|| a04448511321 coclc a910.94bCHA/E aChaunu, Pierre 93416 0aEuropean Expansion In The Later Middle Ages /cPierre Chaunu bNorth Holland , c1979.aNewyork: a326p aWorld History-History Of Europe cBK2ddch910.94iCHA/Ek910.94mCHA/E